UBT Library

ORESSURE ON THE PRESS (Record no. 25461)

000 -LEADER
fixed length control field 00266nam a22001217a 4500
008 - FIXED-LENGTH DATA ELEMENTS--GENERAL INFORMATION
fixed length control field 170830b xxu||||| |||| 00| 0 eng d
041 ## - LANGUAGE CODE
Language code of text/sound track or separate title eng
080 ## - UNIVERSAL DECIMAL CLASSIFICATION NUMBER
Universal Decimal Classification number 070
100 ## - Rafti
Rafti 39
101 ## - Shkurtesa
Shkurtesa MED
245 ## - TITLE STATEMENT
Title ORESSURE ON THE PRESS
Statement of responsibility, etc CROWELL.TH.Y
942 ## - ADDED ENTRY ELEMENTS (KOHA)
Source of classification or shelving scheme
Item type Books
Holdings
Withdrawn status Lost status Source of classification or shelving scheme Damaged status Not for loan Collection code Permanent location Current location Shelving location Date acquired Total Checkouts Full call number Barcode Date last seen Price effective from Koha item type
          Koleksioni Referal UBT - Lipjan UBT - Lipjan Koleksioni i përgjithshem 08/30/2017   070 CRO 002-296679 08/30/2017 08/30/2017 Books
UBT Library © 2015-2024. All rights reserved University Education for Business and Technology